Compulsory purchase and compensation: an outline of the law governing the compulsory acquisition of land for public purposes and the compensation payable in relation thereto (Record no. 86838)

MARC details
000 -LEADER
fixed length control field 00854cam a2200205 4500
008 - FIXED-LENGTH DATA ELEMENTS--GENERAL INFORMATION
fixed length control field 090401t1972 xxu||||| |||| 00| 0 eng d
020 ## - INTERNATIONAL STANDARD BOOK NUMBER
International Standard Book Number 0900361352
035 ## - SYSTEM CONTROL NUMBER
System control number (Sirsi) u11239
041 ## - LANGUAGE CODE
Language code of text/sound track or separate title eng
050 ## - LIBRARY OF CONGRESS CALL NUMBER
Classification number 711.14
100 ## - MAIN ENTRY--PERSONAL NAME
Personal name Lawrance, David Malcolm
245 ## - TITLE STATEMENT
Title Compulsory purchase and compensation: an outline of the law governing the compulsory acquisition of land for public purposes and the compensation payable in relation thereto
260 ## - PUBLICATION, DISTRIBUTION, ETC.
Place of publication, distribution, etc. London
Name of publisher, distributor, etc. Estates Gazette
Date of publication, distribution, etc. 1972
300 ## - PHYSICAL DESCRIPTION
Extent xix. 342p. forms. 23cm. index
350 ## - PRICE (NR) (BK AM CF MU VM SE) [OBSOLETE]
Price 3
520 ## - SUMMARY, ETC.
Summary, etc. Includes the texts of the Land Compensation Act 1961, Parts II and III and first and second schedules; the Compulsory Purchase Act 1965; the Town and Country Planning Act 1971, section 142 and seventeenth schedule
700 ## - ADDED ENTRY--PERSONAL NAME
Personal name Moore, Victor
942 ## - ADDED ENTRY ELEMENTS (KOHA)
Suppress in OPAC 0
948 ## - LOCAL PROCESSING INFORMATION (OCLC); SERIES PART DESIGNATOR (RLIN)
c (OCLC) 04/03/1997
Holdings
Withdrawn status Lost status Source of classification or shelving scheme Damaged status Not for loan Home library Current library Shelving location Date acquired Cost, normal purchase price Total Checkouts Full call number Barcode Date last seen Copy number Cost, replacement price Price effective from Koha item type
    Dewey Decimal Classification     London London Basement 14/09/1999 3.00   SHELF 118 30024190 06/08/2019 1 3.00 06/08/2019 Book